Central Library OPAC University of Rajshahi
Normal view MARC view

Entry Personal Name

Number of records used in: 0

001 - CONTROL NUMBER

  • control field: 15925

003 - CONTROL NUMBER IDENTIFIER

  • control field: BD-RjUL

005 - DATE AND TIME OF LATEST TRANSACTION

  • control field: 20250708140811.0

008 - FIXED-LENGTH DATA ELEMENTS

  • fixed length control field: 250708|| aca||aabn | a|a d

040 ## - CATALOGING SOURCE

  • Original cataloging agency: BD-RjUL
  • Transcribing agency: BD-RjUL

100 ## - HEADING--PERSONAL NAME

  • Personal name: اکرام، س. م ;; Ikram, S. M

670 ## - SOURCE DATA FOUND

  • Source citation: Work cat.: (BD-RjUL)85143: اکرام، س. م ;; Ikram, S. M., غالب نامہ : ىا، آثار غالب ؛ مرزا اسد الله خان غالب کى زندگى اور تصانىف کا تفصىلى مطالعہ، جدىد علم نفسىات اور فن تنقىد کى روشنى میں. / G̲h̲ālib nāmah : yā, ās̲ār-i G̲h̲ālib ; Mirzā Asadullāh K̲h̲ān G̲h̲ālib kī zindagī aur taṣānīf kā tafṣīlī mut̤ālaʻah, jadīd ʻilm-i nafsiyāt aur fann-i tanqīd kī raushnī men̲./, 19??